<?xml version="1.0" encoding="UTF-8"?>
<record
    xmlns:xsi="http://www.w3.org/2001/XMLSchema-instance"
    xsi:schemaLocation="http://www.loc.gov/MARC21/slim http://www.loc.gov/standards/marcxml/schema/MARC21slim.xsd"
    xmlns="http://www.loc.gov/MARC21/slim">

  <leader>01587nam a22003257a 4500</leader>
  <controlfield tag="001">1694</controlfield>
  <controlfield tag="003">FISKH</controlfield>
  <controlfield tag="005">20230920131933.0</controlfield>
  <controlfield tag="008">230915b        cb ||||| |||| 00| 0 khrd</controlfield>
  <datafield tag="020" ind1=" " ind2=" ">
    <subfield code="a">9789924341239</subfield>
  </datafield>
  <datafield tag="040" ind1=" " ind2=" ">
    <subfield code="a">FISKH </subfield>
    <subfield code="b">eng</subfield>
    <subfield code="c">FISKH </subfield>
    <subfield code="d">FISKH </subfield>
  </datafield>
  <datafield tag="082" ind1=" " ind2=" ">
    <subfield code="a">591.1</subfield>
  </datafield>
  <datafield tag="100" ind1=" " ind2=" ">
    <subfield code="a">Tanaka, Etsuro </subfield>
  </datafield>
  <datafield tag="245" ind1=" " ind2=" ">
    <subfield code="a">&#x179F;&#x179A;&#x17B8;&#x179A;&#x179C;&#x17B7;&#x1791;&#x17D2;&#x1799;&#x17B6; / </subfield>
    <subfield code="c">ETSURO TANAKA, KEIKO, KOYAMA, BECOME CO., LTD - &#x1794;&#x1780;&#x1794;&#x17D2;&#x179A;&#x17C2;&#x1796;&#x17B8;&#x1797;&#x17B6;&#x179F;&#x17B6;&#x17A2;&#x1784;&#x17CB;&#x1782;&#x17D2;&#x179B;&#x17C1;&#x179F;&#x178A;&#x17C4;&#x1799; &#x1794;&#x17CA;&#x17BB;&#x178F; &#x179F;&#x17BB;&#x1795;&#x179B;, &#x17A1;&#x17B6;&#x1785; &#x179A;&#x178F;&#x1793;&#x17B6;,&#x200B;&#x200B; &#x1793;&#x17B7;&#x1784; &#x17A2;&#x17CA;&#x17BC;&#x1785; &#x179F;&#x17BC;&#x178A;&#x17B6;&#x1793;&#x17B8; </subfield>
  </datafield>
  <datafield tag="260" ind1=" " ind2=" ">
    <subfield code="a">Phnom Penh : </subfield>
    <subfield code="b">Sipar, </subfield>
    <subfield code="c">2016.</subfield>
  </datafield>
  <datafield tag="300" ind1=" " ind2=" ">
    <subfield code="a">226 pages : </subfield>
    <subfield code="b">color illustrations ; </subfield>
    <subfield code="c">24 cm</subfield>
  </datafield>
  <datafield tag="490" ind1=" " ind2=" ">
    <subfield code="a">&#x1798;&#x1782;&#x17D2;&#x1782;&#x1791;&#x17C1;&#x17D2;&#x1791;&#x179F;&#x1780;&#x17CD;&#x1786;&#x17B6;&#x1780;&#x179A;&#x17BC;&#x1794;&#x1797;&#x17B6;&#x1796; </subfield>
  </datafield>
  <datafield tag="505" ind1=" " ind2=" ">
    <subfield code="a">Z'
</subfield>
  </datafield>
  <datafield tag="520" ind1=" " ind2=" ">
    <subfield code="a">&#x1787;&#x17B6;&#x1798;&#x17BD;&#x1799;&#x1793;&#x17B9;&#x1784;&#x179F;&#x17C0;&#x179C;&#x1797;&#x17C5;&#x1780;&#x17C6;&#x1794;&#x17D2;&#x179B;&#x17C2;&#x1784;&#x1793;&#x17C1;&#x17C7; &#x17A2;&#x17D2;&#x1793;&#x1780;&#x1793;&#x17B9;&#x1784;&#x179A;&#x17C0;&#x1793;&#x1796;&#x17B8;&#x179A;&#x1794;&#x17C0;&#x1794;&#x178A;&#x17C2;&#x179B;&#x179A;&#x17B6;&#x1784;&#x1780;&#x17B6;&#x1799;&#x179A;&#x1794;&#x179F;&#x17CB;&#x1798;&#x1793;&#x17BB;&#x179F;&#x17D2;&#x179F;&#x1792;&#x17D2;&#x179C;&#x17BE;&#x1780;&#x17B6;&#x179A;&#x17D4;</subfield>
  </datafield>
  <datafield tag="520" ind1=" " ind2=" ">
    <subfield code="a">The ways the human body works are illustrated with comics and adolescent characters. </subfield>
  </datafield>
  <datafield tag="521" ind1="8" ind2=" ">
    <subfield code="a">920
</subfield>
    <subfield code="b">Lexile estimate
</subfield>
  </datafield>
  <datafield tag="521" ind1="8" ind2=" ">
    <subfield code="a">Z'
</subfield>
    <subfield code="b">Raz-Plus
</subfield>
  </datafield>
  <datafield tag="650" ind1=" " ind2=" ">
    <subfield code="a">&#x179F;&#x179A;&#x17B8;&#x179A;&#x179C;&#x17B7;&#x1791;&#x17D2;&#x1799;&#x17B6; </subfield>
    <subfield code="v">&#x1798;&#x17BB;&#x1781;&#x1784;&#x17B6;&#x179A; </subfield>
    <subfield code="x">&#x1795;&#x17D2;&#x1793;&#x17C2;&#x1780;&#x1793;&#x17C3;&#x179A;&#x17B6;&#x1784;&#x1780;&#x17B6;&#x1799; </subfield>
    <subfield code="y">&#x179A;&#x1794;&#x17C0;&#x1794;&#x1793;&#x17C3;&#x1780;&#x17B6;&#x179A;&#x1792;&#x17D2;&#x179C;&#x17BE;&#x1780;&#x17B6;&#x179A; </subfield>
  </datafield>
  <datafield tag="650" ind1=" " ind2=" ">
    <subfield code="a">Physiology </subfield>
    <subfield code="v">Function</subfield>
    <subfield code="x"> Body part </subfield>
    <subfield code="y">how it work </subfield>
  </datafield>
  <datafield tag="700" ind1=" " ind2=" ">
    <subfield code="a">Koyama, Keiko </subfield>
    <subfield code="e">Author </subfield>
  </datafield>
  <datafield tag="700" ind1=" " ind2=" ">
    <subfield code="a">Sopal, Both   </subfield>
    <subfield code="e">Translator </subfield>
  </datafield>
  <datafield tag="700" ind1=" " ind2=" ">
    <subfield code="a">Ratana, Larch</subfield>
    <subfield code="e">Translator </subfield>
  </datafield>
  <datafield tag="700" ind1=" " ind2=" ">
    <subfield code="a">Sodany, Ouch</subfield>
    <subfield code="e">Translator </subfield>
  </datafield>
  <datafield tag="942" ind1=" " ind2=" ">
    <subfield code="2">ddc</subfield>
    <subfield code="c">KHB</subfield>
    <subfield code="n">0</subfield>
  </datafield>
  <datafield tag="999" ind1=" " ind2=" ">
    <subfield code="c">1694</subfield>
    <subfield code="d">1694</subfield>
  </datafield>
  <datafield tag="952" ind1=" " ind2=" ">
    <subfield code="0">0</subfield>
    <subfield code="1">0</subfield>
    <subfield code="2">ddc</subfield>
    <subfield code="4">0</subfield>
    <subfield code="7">0</subfield>
    <subfield code="8">KHMERNF</subfield>
    <subfield code="a">001</subfield>
    <subfield code="b">001</subfield>
    <subfield code="c">KHRS</subfield>
    <subfield code="d">2023-09-15</subfield>
    <subfield code="l">0</subfield>
    <subfield code="o">TAN 591.1</subfield>
    <subfield code="p">2023-0621</subfield>
    <subfield code="r">2023-09-15 13:39:35</subfield>
    <subfield code="t">1</subfield>
    <subfield code="w">2023-09-15</subfield>
    <subfield code="y">KHB</subfield>
  </datafield>
  <datafield tag="952" ind1=" " ind2=" ">
    <subfield code="0">0</subfield>
    <subfield code="1">0</subfield>
    <subfield code="2">ddc</subfield>
    <subfield code="4">0</subfield>
    <subfield code="7">0</subfield>
    <subfield code="8">KHMERNF</subfield>
    <subfield code="a">001</subfield>
    <subfield code="b">001</subfield>
    <subfield code="c">KHRS</subfield>
    <subfield code="d">2023-09-15</subfield>
    <subfield code="l">1</subfield>
    <subfield code="o">TAN 591.1</subfield>
    <subfield code="p">2023-0622</subfield>
    <subfield code="r">2025-05-09 14:25:36</subfield>
    <subfield code="s">2025-01-13</subfield>
    <subfield code="t">2</subfield>
    <subfield code="w">2023-09-15</subfield>
    <subfield code="y">KHB</subfield>
  </datafield>
</record>
